John Brand's will /

Uloženo v:
Podrobná bibliografie
Hlavní autor: Adams, Herbert
Médium: Kniha
Jazyk:English
Vydáno: London : Methuen, 1944.
Vydání:4th ed.
LEADER 00746nam a2200217 a 4500
001 c000094163
003 CARM
005 00000000000000.0
008 940614s1944 enk 00011 eng d
019 1 |a 10957000  |5 LACONCORD2021 
035 |a (OCoLC)222128912  |5 LACONCORD2021 
100 1 |a Adams, Herbert. 
245 1 0 |a John Brand's will /  |c by Herbert Adams. 
250 |a 4th ed. 
260 |a London :  |b Methuen,  |c 1944. 
300 |a 267 p. ;  |c 19 cm. 
500 |a First published: 1933. 
852 8 |b CARM  |h A2:AO06G0  |i A01199  |p 0112996  |f BK 
082 0 4 |a 823.912  |2 20 
999 f f |i 844daeed-2f76-5ad3-9d2c-5901d99aac05  |s c28342c8-8199-5b52-b0d2-396abf069978 
952 f f |p Can circulate  |a CAVAL  |b CAVAL  |c CAVAL  |d CARM 1 Store  |e A01199  |f A2:AO06G0  |h Other scheme  |i book  |m 0112996